Normal view
MARC view
- DISCIPLINE RULES 1973-CIVIL SERVANTS CIVIL SERVANTS EFFICIENCY AND DISCIPLINE RULES 1973 CIVIL SERVANTS APPEAL RULES
Entry Topical Term
001 - CONTROL NUMBER
- control field: 56390
003 - CONTROL NUMBER IDENTIFIER
- control field: NUST
005 - DATE AND TIME OF LATEST TRANSACTION
- control field: 20210628201708.0
008 - FIXED-LENGTH DATA ELEMENTS
- fixed length control field: 210628|| aca||aabn | a|a d
040 ## - CATALOGING SOURCE
- Original cataloging agency: NUST
- Transcribing agency: NUST
150 ## - HEADING--TOPICAL TERM
- Topical term or geographic name entry element: DISCIPLINE RULES 1973-CIVIL SERVANTS CIVIL SERVANTS EFFICIENCY AND DISCIPLINE RULES 1973 CIVIL SERVANTS APPEAL RULES
670 ## - SOURCE DATA FOUND
- Source citation: Work cat.: (NUST): Hafeez Ur Rahman 56389, The government servants efficiency and discipline rules 1973 discipline rules 1973-civil servants civil servants efficiency and discipline rules 1973 civil servants appeal rules, 1999
